1691 1295 1982 1835 1362 1386 1503 1379 1962 1880 1728 1468 1093 1752 1768 1843 1307 1623 1888 1913 1707 1885 1548 1351 1904 1285 1006 1179 1006 1263 1565 1233 1245 1161 1314 1383 1373 1232 1531 1429 1814 1066 1469 1920 1177 1250 1288 1613 1340 1666 1848 1676 1317 1141 1491 1283 1286 1124 1595 1230 1226 1513 1965 1047 1901 1960 1764 1970 1544 1930 1682 1339 1562 1722 1507 1929 1432 1247 1568 1703 1008 1217 1298 1853 1297 1877 1995 1947 1679 1713 1621 1918 1082 1450 1459 1118 1816 1238 1522 BCNSPRNW ULIB Ver.6.0+V

เปลี่ยนเป็นภาษาไทย

Change to English
 แสดงรายละเอียดบรรณานุกรม
  กลับหน้าหลัก

Brief Record : Get Marc (ISO 2709) : E-mail record : QR code < ปิดหน้าต่าง
LEADER : 00000nam 2200000uu 4500
001    13399122606
003     ULIB
008    130814s2555||||th 000 0 tha d
020    ^a9789741112104
060 04 ^aWB115^bภ415อ
245 00 ^aอายุรศาสตร์ทันยุค 2552 =^bUpdate in internal medicine 2009/^cบรรณธิการ วันชัย เดชสมฤทธิ์ฤทัย, รุ่งโรจน์ กฤตยพงษ์, อภิรดี ศรีวิจิตร กมล
246 31 ^aUpdate in internal medicine 2009
250    ^aพิมพ์ครั้งที่ 5 (ฉบับปรัลปรุง)
260    ^aกรุงเทพฯ :^bภาควิชาอายุรศาสตร์ คณะแพทยศาสตร์ศิริราชพยาบาลมหาวิทยาลัยมหิดล,^c2555
300    ^a418 หน้า :^bภาพประกอบ ;^c26 ซม.
650  7 ^aอายุรศาสตร์
653    ^aผลงานอาจารย์คณะแพทยศาสตร์ศิริราชพยาบาล
700 0  ^aวันชัย เดชสมฤทธิ์ฤทัย,^eบรรณาธิการ
700 0  ^aรุ่งโรจน์ กฤตยพงษ์,^eบรรณาธิการ
700 0  ^aอภิรดี ศรีวิจิตรกมล,^eบรรณาธิการ
710    ^aมหาวิทยาลัยมหิดล. ^bคณะแพทยศาสตร์สิริราชพยาบาล.^bภาควิชาอายุรศาสตร์
945    ^p300^l0^i20057
945    ^p300^l0^i20058
995    ^aทศพร
999    ^aทศพร เกษรทอง
รายการนี้ยังไม่มีแท็ก
คุณยังไม่ได้ล็อกอิน คุณสามารถมีกิจกรรมร่วมกับเว็บไซต์ได้ แต่ต้องล็อกอินก่อน ::
  ล็อกอิน

รายการสื่อสารสนเทศ

ลำดับที่ ประเภท เลขเรียก/บาร์โค้ด สถานที่ สถานะ
1. วิทยาศาสตร์การแพทย์ และสุขภาพ
วิทยาศาสตร์การแพทย์ และสุขภาพ
สถานะ=หนังสือเก่า
WB115 ภ415อ ฉ.1 
  Barcode: 20057
ห้องสมุดวิทยาเขตนครสวรรค์
►ส่วนจัดเก็บหนังสือเก่า นว.
บนชั้น
  ขอยืม
2. วิทยาศาสตร์การแพทย์ และสุขภาพ
วิทยาศาสตร์การแพทย์ และสุขภาพ
สถานะ=หนังสือเก่า
WB115 ภ415อ ฉ.2 
  Barcode: 20058
ห้องสมุดวิทยาเขตนครสวรรค์
►ส่วนจัดเก็บหนังสือเก่า นว.
บนชั้น
  ขอยืม

รายการใกล้เคียง
    หัวเรื่อง [อายุรศาสตร์]

BibComment


ยังไม่เคยถูกคอมเมนท์

คอมเมนท์ทรัพยากรรายการนี้
  คอมเมนท์: อายุรศาสตร์ทันยุ..


 Copyright 2026. Bcnsprnw @Library